000 00513cam a2200181ua 4500
001 11708
005 20260515114805.0
008 191024n ii |||gr||||Z||||||asm
040 _cMAIN
100 _a Bhukhan Jyoti Handique,
_eEditor.
245 _aAnnweshanar Pol-Anupol
_cEdited by Bhukhan Jyoti Handique
250 _a1st ed.
260 _aDibrugarh:
_bAbhinandan Books publication committee,
_c2018.
300 _a423p.
653 _aPraiseworthy Articles
700 _aJadav Gogoi,
_eEditor.
942 _cBK
999 _c10501
_d10501